EKSPLOATACYJNE ASPEKTY SZYBKIEJ KRYSTALIZACJI WARSTWY WIERZCHNIEJ ODLEWÓW Z ŻELIWA SFEROIDALNEGO

Bibliographic Details
Main Authors: Trytek, A. (Author), Orłowicz A. W. (Author)
Format: Article
Language:Polish

MARC

LEADER 00000nab a2200000uu 4500
001 vtls011480416
003 SK-MaSNL
005 20260303155513.0
008 230222|2002 xo |||||||||||||||||pol|
015 |a SNBRB 
035 |a (urnnbn)urn:nbn:sk:snk:ar-0057v3 
035 |a (uuid)7fe3c628-0408-44f5-b31e-618939349bb9 
035 |a urn:nbn:sk:snk-abd7z1 
040 |a SNKBUCL  |b slo  |c SNKBUCL  |e AACR2 
041 0 |a pol 
044 |a xo  |c SK 
100 1 |a Trytek, A.  |4 aut  |9 779050 
245 1 0 |a EKSPLOATACYJNE ASPEKTY SZYBKIEJ KRYSTALIZACJI WARSTWY WIERZCHNIEJ ODLEWÓW Z ŻELIWA SFEROIDALNEGO  |c Orłowicz A. W., A. Trytek 
246 3 |a OPERATING ASPECTS OF RAPID CRYSTALLISATION OF SURFACE LAYER OF SPHEROIDAL IRON CASTINGS 
700 1 |a Orłowicz A. W.  |4 aut  |9 1179265 
773 0 |t Acta Metallurgica Slovaca : časopis Hutníckej fakulty Technickej univerzity Košice  |g Roč. 8, č. 2 (2/2) (2002), s. 301-306 
958 |a OND 
958 |a EUIPO 
958 |a article18 
999 |c 2040596  |d 2042526